<?xml version="1.0" encoding="UTF-8"?><?xml-stylesheet type="text/xsl" href="static/style.xsl"?><OAI-PMH xmlns="http://www.openarchives.org/OAI/2.0/" xmlns:xsi="http://www.w3.org/2001/XMLSchema-instance" xsi:schemaLocation="http://www.openarchives.org/OAI/2.0/ http://www.openarchives.org/OAI/2.0/OAI-PMH.xsd"><responseDate>2026-04-27T21:54:54Z</responseDate><request verb="GetRecord" identifier="oai:uvadoc.uva.es:10324/10535" metadataPrefix="marc">https://uvadoc.uva.es/oai/request</request><GetRecord><record><header><identifier>oai:uvadoc.uva.es:10324/10535</identifier><datestamp>2021-09-06T07:39:52Z</datestamp><setSpec>com_10324_5466</setSpec><setSpec>com_10324_5186</setSpec><setSpec>com_10324_29291</setSpec><setSpec>col_10324_5479</setSpec></header><metadata><record xmlns="http://www.loc.gov/MARC21/slim" xmlns:doc="http://www.lyncode.com/xoai" xmlns:xsi="http://www.w3.org/2001/XMLSchema-instance" xmlns:dcterms="http://purl.org/dc/terms/" xsi:schemaLocation="http://www.loc.gov/MARC21/slim http://www.loc.gov/standards/marcxml/schema/MARC21slim.xsd">
<leader>00925njm 22002777a 4500</leader>
<datafield tag="042" ind1=" " ind2=" ">
<subfield code="a">dc</subfield>
</datafield>
<datafield tag="720" ind1=" " ind2=" ">
<subfield code="a">Morenilla Talens, Carmen</subfield>
<subfield code="e">author</subfield>
</datafield>
<datafield tag="260" ind1=" " ind2=" ">
<subfield code="c">2006</subfield>
</datafield>
<datafield tag="520" ind1=" " ind2=" ">
<subfield code="a">El objetivo de este trabajo es el estudio de la compleja interrelación entre la literatura griega y romana: el apoyo por parte de Menandro a una "comedia intelectualizada", lejos de los tratamientos tradicionales de otros autores de la mese y de la neo, y el grado de influencia de esta comedia de Menadro en la producción de Plauto y de Terencio, particularmente en referencia a los distintos objetivos de los personajes por lo que hace al tema del amor y su conexión con las propuestas socio-políticas de los filósofos y otros pensadores de la época.</subfield>
</datafield>
<datafield tag="520" ind1=" " ind2=" ">
<subfield code="a">The aim of this essay is to study one aspect of the complex connection between Greek and Roman literature: Menander's promotion of an "intellectualized comedy", away from the traditional approaches of other authors of the mese and the nea, and the degree of influence of this Menandrian comedy in the production of Plautus and Terentius; in particular, regarding the different purposes of the characters in the subject of love and their connection with the sociopolitical proposals of philosophers and other thinkers of the time.</subfield>
</datafield>
<datafield tag="024" ind2=" " ind1="8">
<subfield code="a">Minerva: Revista de filología clásica, 2006, N.19, pags.85-110</subfield>
</datafield>
<datafield tag="024" ind2=" " ind1="8">
<subfield code="a">0213-9634</subfield>
</datafield>
<datafield tag="024" ind2=" " ind1="8">
<subfield code="a">2530-6480</subfield>
</datafield>
<datafield tag="024" ind2=" " ind1="8">
<subfield code="a">http://uvadoc.uva.es/handle/10324/10535</subfield>
</datafield>
<datafield tag="024" ind2=" " ind1="8">
<subfield code="a">85</subfield>
</datafield>
<datafield tag="024" ind2=" " ind1="8">
<subfield code="a">19</subfield>
</datafield>
<datafield tag="024" ind2=" " ind1="8">
<subfield code="a">110</subfield>
</datafield>
<datafield tag="024" ind2=" " ind1="8">
<subfield code="a">Minerva: Revista de filología clásica</subfield>
</datafield>
<datafield ind1=" " ind2=" " tag="653">
<subfield code="a">Filología clásica</subfield>
</datafield>
<datafield tag="245" ind1="0" ind2="0">
<subfield code="a">De la "Nea" a la "Palliata": formas de recrear una comedia</subfield>
</datafield>
</record></metadata></record></GetRecord></OAI-PMH>